Wales Rugby - Statistics

General Stats
  • This quiz has been taken 495 times
  • The average score is 8 of 15
Answer Stats
Hint Answer % Correct
Top try scorer shane williams
88%
manager warren gatland
79%
wales in welsh cymru
76%
newport gwent ...... what is the missing word dragons
73%
welsh pro12 champions 2012-13 Ospreys
66%
Full Back for Wales Leigh Halfpenny
61%
New stadium since 1999 Millenium Stadium
61%
name of the welsh governing body wru
58%
youngest player to score a try for wales george north
50%
most caps gethin jenkins
47%
Backs coach Rob Howley
46%
Home Stadium before 1999 Arms Park
41%
forwards coach Shaun Edwards
32%
Capacity of stadium 74,000
21%
Scarlets chairman Nigel Short
1%
No matching quizzes found
Score Distribution
Percent of People with Each Score
Percentile by Number Answered
Your Score History
You have not taken this quiz